000 00706 a2200205 4500
001 63333
005 20260407155930.0
008 260407a1971 arg spa d
003 AR-UNSa-BCEJYS
040 _aAR-UNSa-BCEJYS
_bspa
_cAR-UNSa-BCEJYS
080 _a510
_xConsideraciones fundamentales y generales de las matemáticas
245 1 0 _aIntroducción a las matemáticas
_pTexto programado
264 1 _aMéxico :
_bLimusa-Wiley
_c1971
300 _a3 v. (575 ; 684 ; 627 p.)
_c23 cm.
505 _aVol. I: Álgebra -- Vol. II: Funciones y ecuaciones - Vol. III: Trigonometría análitica
041 _aspa
942 _cBK
590 _aniveau_biblio:m niveau_hierar:0
100 1 _aHowes, Vernon E.
999 _c8120
_d8120